Micromachines as tools for nanotechnology / (Record no. 29094)

000 -LEADER
fixed length control field 00632 a2200193 4500
020 ## - INTERNATIONAL STANDARD BOOK NUMBER
International Standard Book Number 354000856X
020 ## - INTERNATIONAL STANDARD BOOK NUMBER
International Standard Book Number 9783540008569
082 04 - DEWEY DECIMAL CLASSIFICATION NUMBER
Classification number 620.5
090 ## - LOCALLY ASSIGNED LC-TYPE CALL NUMBER (OCLC); LOCAL CALL NUMBER (RLIN)
-- 462
-- 462
100 ## - MAIN ENTRY--PERSONAL NAME
Personal name Fujita, Hiroyuki.
245 10 - TITLE STATEMENT
Title Micromachines as tools for nanotechnology /
Statement of responsibility, etc. Hiroyuki Fujita.
260 ## - PUBLICATION, DISTRIBUTION, ETC.
Place of publication, distribution, etc. [S.l.] :
Name of publisher, distributor, etc. Springer,
Date of publication, distribution, etc. 2003.
300 ## - PHYSICAL DESCRIPTION
Extent 224 p. ;
Dimensions 25 cm.
490 1# - SERIES STATEMENT
Series statement Microtechnology and mems.
700 1# - ADDED ENTRY--PERSONAL NAME
Personal name Fujita, Hiroyuki.
830 #0 - SERIES ADDED ENTRY--UNIFORM TITLE
Uniform title Microtechnology and mems.
942 ## - ADDED ENTRY ELEMENTS (KOHA)
Institution code [OBSOLETE] SNS
Koha item type Book
Call number prefix 620.5 FUJ
Holdings
Withdrawn status Lost status Damaged status Not for loan Permanent Location Current Location Date acquired Total Checkouts Full call number Barcode Date last seen Price effective from Koha item type
        School of Natural Sciences (SNS) School of Natural Sciences (SNS) 05/26/2016   620.5 FUJ SNS0000396 05/26/2016 05/26/2016 Book
© 2023 Central Library, National University of Sciences and Technology. All Rights Reserved.